Aids The Biological Basis/ (Record no. 567881)

MARC details
000 -LEADER
fixed length control field 00470nam a2200181Ia 4500
008 - FIXED-LENGTH DATA ELEMENTS--GENERAL INFORMATION
fixed length control field 250103s9999 xx 000 0 und d
020 ## - INTERNATIONAL STANDARD BOOK NUMBER
ISBN 9781449614881
Paper back/Hardbound pbk
041 ## - LANGUAGE CODE
Language code of text/sound track or separate title eng
082 ## - DEWEY DECIMAL CLASSIFICATION NUMBER
Classification number 616.9792
Item number WEE
100 ## - MAIN ENTRY--AUTHOR NAME
Personal name Benjamin s.Weeks
245 #0 - TITLE STATEMENT
Title Aids The Biological Basis/
Statement of responsibility, etc Benjamin s. Weeks
250 ## - EDITION STATEMENT
Edition statement 6th
260 ## - PUBLICATION, DISTRIBUTION, ETC. (IMPRINT)
Name of publisher Jones & Bartlett,
Year of publication 2014
Place of publication USA
300 ## - PHYSICAL DESCRIPTION
Number of Pages 346 pages
650 ## - SUBJECT ADDED ENTRY--TOPICAL TERM
Topical Term MEDICAL Science
942 ## - ADDED ENTRY ELEMENTS (KOHA)
Koha item type English Books
Holdings
Withdrawn status Lost status Damaged status Not for loan Home library Current library Shelving location Date acquired Cost, normal purchase price Full call number Accession Number Price effective from Koha item type
        Anna Centenary Library Anna Centenary Library 5TH FLOOR, B WING 03.01.2025 8561.88 616.9792 WEE 699211 03.01.2025 Reference

Find us on the map